Modern refrigeration and air conditioning / (Record no. 64206)
[ view plain ]
| 000 -LEADER | |
|---|---|
| fixed length control field | 00900pam a2200277 a 4500 |
| 001 - CONTROL NUMBER | |
| control field | 4679902 |
| 003 - CONTROL NUMBER IDENTIFIER | |
| control field | NUST - PNEC |
| 005 - DATE AND TIME OF LATEST TRANSACTION | |
| control field | 20170116180836.0 |
| 008 - FIXED-LENGTH DATA ELEMENTS--GENERAL INFORMATION | |
| fixed length control field | 811104s1982 ilua 001 0 eng |
| 010 ## - LIBRARY OF CONGRESS CONTROL NUMBER | |
| LC control number | 81020002 |
| 020 ## - INTERNATIONAL STANDARD BOOK NUMBER | |
| International Standard Book Number | 0870063405 |
| 040 ## - CATALOGING SOURCE | |
| Original cataloging agency | DLC |
| Transcribing agency | LIBRARY |
| Modifying agency | DLC |
| 050 00 - LIBRARY OF CONGRESS CALL NUMBER | |
| Classification number | TP492 |
| Item number | .A43 1982 |
| 082 00 - DEWEY DECIMAL CLASSIFICATION NUMBER | |
| Classification number | 621.56 ALT |
| 100 1# - MAIN ENTRY--PERSONAL NAME | |
| Personal name | Althouse, Andrew Daniel. |
| 245 10 - TITLE STATEMENT | |
| Title | Modern refrigeration and air conditioning / |
| Statement of responsibility, etc. | by Andrew D. Althouse, Carl H. Turnquist, Alfred F. Bracciano. |
| 260 ## - PUBLICATION, DISTRIBUTION, ETC. | |
| Place of publication, distribution, etc. | South Holland, Ill. : |
| Name of publisher, distributor, etc. | Goodheart-Willcox Co., |
| Date of publication, distribution, etc. | c1982. |
| 300 ## - PHYSICAL DESCRIPTION | |
| Extent | 1012 p. : |
| Other physical details | ill. ; |
| Dimensions | 28 cm. |
| 500 ## - GENERAL NOTE | |
| General note | Includes index. |
| 650 #0 - SUBJECT ADDED ENTRY--TOPICAL TERM | |
| Topical term or geographic name entry element | Refrigeration and refrigerating machinery. |
| General subdivision | ME |
| 650 #0 - SUBJECT ADDED ENTRY--TOPICAL TERM | |
| Topical term or geographic name entry element | Air conditioning. |
| 700 1# - ADDED ENTRY--PERSONAL NAME | |
| Personal name | Turnquist, Carl Harold, |
| Dates associated with a name | 1910- |
| 700 1# - ADDED ENTRY--PERSONAL NAME | |
| Personal name | Bracciano, Alfred F. |
| 906 ## - LOCAL DATA ELEMENT F, LDF (RLIN) | |
| a | 7 |
| b | cbc |
| c | orignew |
| d | 1 |
| e | ocip |
| f | 19 |
| g | y-gencatlg |
| 942 ## - ADDED ENTRY ELEMENTS (KOHA) | |
| Source of classification or shelving scheme | |
| Koha item type | Book |
| Withdrawn status | Lost status | Source of classification or shelving scheme | Damaged status | Not for loan | Permanent Location | Current Location | Shelving location | Date acquired | Total Checkouts | Full call number | Barcode | Date last seen | Price effective from | Koha item type |
|---|---|---|---|---|---|---|---|---|---|---|---|---|---|---|
| Pakistan Navy Engineering College (PNEC) | Pakistan Navy Engineering College (PNEC) | Reference | 621.56 ALT | PNECLIB-011415 | 08/07/2015 | Book | ||||||||
| Pakistan Navy Engineering College (PNEC) | Pakistan Navy Engineering College (PNEC) | 621.56 ALT | PNECLIB-011416 | 09/08/2015 | Book | |||||||||
| Pakistan Navy Engineering College (PNEC) | Pakistan Navy Engineering College (PNEC) | 621.56 ALT | PNECLIB-014705 | 09/19/2015 | Book | |||||||||
| Pakistan Navy Engineering College (PNEC) | Pakistan Navy Engineering College (PNEC) | 621.56 ALT | PNECLIB-011344 | 09/19/2015 | Book |
